| 000 | 02298cam a2200265 i 4500 | ||
|---|---|---|---|
| 001 | 19130597 | ||
| 005 | 20190411093350.0 | ||
| 008 | 190411s2016 ve a b 000 0 spa d | ||
| 010 | _a 2016428339 | ||
| 020 | _a9789803544003 | ||
| 035 | _a(OCoLC)ocn959259109 | ||
| 040 |
_aCO-BoUCM _bspa _cSaul Niño _dSaul Niño |
||
| 041 | 0 | _aspa | |
| 245 | 0 | 0 |
_aCiudades de vida y muerte _bla ciudad y el pacto social para la contención de la violencia _cRoberto Bricẽno-León (coord.). |
| 260 |
_aCaracas (Venezuela) _bEditorial Alfa _c2016 |
||
| 300 |
_a403 páginas _bilustraciones |
||
| 490 | 0 |
_aTrópicos _v117 |
|
| 505 | 0 | _aLa ciudad : ¿escenario o causa de la violencia? / Roberto Bricẽno-León -- Las ciudades venezolanas y la exclusión social / Oscar Olinto Camacho -- Los barrios en las ciudades venezolanas / Teolinda Bolívar -- Un estado capturado por la moralidad preconvencional / Levy Farías -- La teoría sociológica de la institucionalidad y el pacto social / Roberto Bricẽno-León -- La metodología de los múltiples estudios de caso / Roberto Bricẽno-León -- Trama urbana y violencia en un barrio de Caracas / Iris Rosas Meza -- Infancia, violencia y Estado de Derecho : la mirado de los niños, madres y maestras / Gloria Perdomo, Levy Farías, Helen Ruiz -- Una tregua es posible : la violencia y el pacto de cese al fuego entre mujeres y jóvenes armados / Verónica Zubillaga, Manuel Llorens, John Souto -- Dinámicas municipales contra la violencia : el caso Chacao / Marisela Hernández, Andrea Chacón -- Función policial e institucionalidad en Venezuela / Claudia Carrillo, Carlos Herrera, Liliana Ortega -- Mujeres de mano extendida : un muro de contención a la violencia en comunidades populares de Ciudad Guayana / Luuisa Pernalete P. -- Los pactos sociales y la violencia en las ciudades de frontera del estado Táchira / Neida Albornoz Arias, Rina Mazuera Arias -- Ciudades de ciudadanos / Roberto Bricẽno-León, Alverto Camardiel. | |
| 650 | 7 |
_aViolencia urbana _zVenezuela _926291 |
|
| 650 | 7 |
_aCiudades y pueblos _zVenezuela _910961 |
|
| 651 | 0 |
_aVenezuela _xCondiciones sociales _964642 |
|
| 700 | 1 |
_aBriceño-León, Roberto _ecoordinador _995967 |
|
| 942 |
_2DEWEY _a5 _cLIBRO _e1 _h307.760987 _mC581v |
||
| 999 |
_c311800 _d311800 |
||